Multivariate statistical analysis for geographers /
Guardado en:
| Autor Principal: | |
|---|---|
| Otros Autores: | |
| Formato: | Libro |
| Idioma: | English |
| Publicado: |
Upper Saddle River, N.J. :
Prentice Hall,
c1997.
|
| Materias: | |
| Etiquetas: |
Agregar Etiqueta
Sin Etiquetas, Sea el primero en etiquetar este registro!
|
| LEADER | 00772cam a2200229 a 4500 | ||
|---|---|---|---|
| 001 | MAT.inmabb003510 | ||
| 008 | 961219s1997####njua#####b####001#0#eng## | ||
| 005 | 20160601163856.0 | ||
| 245 | 1 | 0 | |a Multivariate statistical analysis for geographers / |c Daniel A. Griffith, Carl G. Amrhein. |
| 260 | |a Upper Saddle River, N.J. : |b Prentice Hall, |c c1997. | ||
| 300 | |a xix, 345 p. : |b il. ; |c 29 cm. | ||
| 504 | |a Incluye referencias bibliográficas e índice. | ||
| 020 | |a 013605692X | ||
| 100 | 1 | |a Griffith, Daniel A. | |
| 700 | 1 | |a Amrhein, Carl G. | |
| 650 | 0 | |a Geography |x Statistical methods. | |
| 650 | 0 | |a Multivariate analysis. | |
| 084 | |a 62Hxx |2 msc2000 | ||
| 084 | |a 91D20 |2 msc2000 | ||
| 010 | |a 96053264 | ||
| 040 | |a DLC |c DLC |d DLC | ||
| 859 | |h 62 |i G853 |p A-7683 |b BIB. MATEMATICA | ||
